<?xml version="1.0" encoding="UTF-8"?>
<record
    xmlns:xsi="http://www.w3.org/2001/XMLSchema-instance"
    xsi:schemaLocation="http://www.loc.gov/MARC21/slim http://www.loc.gov/standards/marcxml/schema/MARC21slim.xsd"
    xmlns="http://www.loc.gov/MARC21/slim">

  <leader>00823nam a22001337a 4500</leader>
  <datafield tag="040" ind1=" " ind2=" ">
    <subfield code="c">RUA</subfield>
  </datafield>
  <datafield tag="082" ind1=" " ind2=" ">
    <subfield code="a">AGR UM 2016 B604 Or.1</subfield>
  </datafield>
  <datafield tag="100" ind1=" " ind2=" ">
    <subfield code="a">UM SOKHEANG ,&#x17A2;&#x17CA;&#x17BB;&#x17C6; &#x179F;&#x17BB;&#x1781;&#x17A0;&#x17CA;&#x17B6;&#x1784;</subfield>
  </datafield>
  <datafield tag="245" ind1=" " ind2=" ">
    <subfield code="a">study on economic thresholds level of armyworm (spodoptera exigua )on chinese kale (brassica oleraceae var. alboglabra)in nethouse,&#x1780;&#x17B6;&#x179A;&#x179F;&#x17B7;&#x1780;&#x17D2;&#x179F;&#x17B6;&#x1796;&#x17B8;&#x1780;&#x1798;&#x17D2;&#x179A;&#x17B7;&#x178F;&#x1795;&#x179B;&#x1794;&#x17C7;&#x1796;&#x17B6;&#x179B;&#x17CB;&#x1785;&#x17D2;&#x179A;&#x1780;&#x1791;&#x17D2;&#x179C;&#x17B6;&#x179A;&#x179F;&#x17C1;&#x178A;&#x17D2;&#x178B;&#x1780;&#x17B7;&#x1785;&#x17D2;&#x1785;&#x1793;&#x17C3;&#x1785;&#x17C6;&#x1793;&#x17BD;&#x1793;&#x178A;&#x1784;&#x17D2;&#x1780;&#x17BC;&#x179C;&#x17A0;&#x17D2;&#x179C;&#x17BC;&#x1784;&#x179B;&#x17BE;&#x178A;&#x17C6;&#x178E;&#x17B6;&#x17C6;&#x1781;&#x17B6;&#x178F;&#x17CB;&#x178E;&#x17B6;&#x178A;&#x17BE;&#x1798;&#x1780;&#x17D2;&#x1793;&#x17BB;&#x1784;&#x179B;&#x1780;&#x17D2;&#x1781;&#x1781;&#x178E;&#x17D2;&#x178C;&#x1795;&#x17D2;&#x1791;&#x17C7;&#x179F;&#x17C6;&#x178E;&#x17B6;&#x1789;&#x17CB;</subfield>
  </datafield>
  <datafield tag="260" ind1=" " ind2=" ">
    <subfield code="a">phnom penh</subfield>
    <subfield code="b">rua</subfield>
    <subfield code="c">2016</subfield>
  </datafield>
  <datafield tag="300" ind1=" " ind2=" ">
    <subfield code="a">viii,28p;</subfield>
    <subfield code="b">ill;</subfield>
    <subfield code="c">rua;</subfield>
  </datafield>
  <datafield tag="856" ind1=" " ind2=" ">
    <subfield code="u">https://drive.google.com/file/d/1N9ExCDHdMluA3ec5PU0a3Fry04256qCM/view?usp=sharing</subfield>
  </datafield>
  <datafield tag="942" ind1=" " ind2=" ">
    <subfield code="c">VEM</subfield>
  </datafield>
  <datafield tag="999" ind1=" " ind2=" ">
    <subfield code="c">17020</subfield>
    <subfield code="d">17020</subfield>
  </datafield>
  <datafield tag="952" ind1=" " ind2=" ">
    <subfield code="0">0</subfield>
    <subfield code="1">0</subfield>
    <subfield code="2">ddc</subfield>
    <subfield code="4">0</subfield>
    <subfield code="6">AGR_UM_2016_000000000000000_B604_OR_1</subfield>
    <subfield code="7">0</subfield>
    <subfield code="9">73359</subfield>
    <subfield code="a">LBB</subfield>
    <subfield code="b">LBB</subfield>
    <subfield code="c">B604</subfield>
    <subfield code="d">2018-07-17</subfield>
    <subfield code="o">AGR UM 2016 B604 Or.1</subfield>
    <subfield code="p">A31124</subfield>
    <subfield code="r">2018-07-17</subfield>
    <subfield code="w">2018-07-17</subfield>
    <subfield code="y">VEM</subfield>
  </datafield>
  <datafield tag="952" ind1=" " ind2=" ">
    <subfield code="0">0</subfield>
    <subfield code="1">0</subfield>
    <subfield code="2">ddc</subfield>
    <subfield code="4">0</subfield>
    <subfield code="6">AGR_UM_2016_000000000000000_B604_OR_2</subfield>
    <subfield code="7">0</subfield>
    <subfield code="9">73360</subfield>
    <subfield code="a">LBB</subfield>
    <subfield code="b">LBB</subfield>
    <subfield code="c">B604</subfield>
    <subfield code="d">2018-07-17</subfield>
    <subfield code="o">AGR UM 2016 B604 Or.2</subfield>
    <subfield code="p">A30775</subfield>
    <subfield code="r">2018-07-17</subfield>
    <subfield code="w">2018-07-17</subfield>
    <subfield code="y">VEM</subfield>
  </datafield>
  <datafield tag="952" ind1=" " ind2=" ">
    <subfield code="0">0</subfield>
    <subfield code="1">0</subfield>
    <subfield code="2">ddc</subfield>
    <subfield code="4">0</subfield>
    <subfield code="6">AGR_UM_2016_000000000000000_B604_OR_3</subfield>
    <subfield code="7">0</subfield>
    <subfield code="9">73361</subfield>
    <subfield code="a">LBB</subfield>
    <subfield code="b">LBB</subfield>
    <subfield code="c">B604</subfield>
    <subfield code="d">2018-07-17</subfield>
    <subfield code="l">1</subfield>
    <subfield code="o">AGR UM 2016 B604 Or.3</subfield>
    <subfield code="p">A30991</subfield>
    <subfield code="r">2021-12-10</subfield>
    <subfield code="s">2021-12-08</subfield>
    <subfield code="w">2018-07-17</subfield>
    <subfield code="y">VEM</subfield>
  </datafield>
  <datafield tag="952" ind1=" " ind2=" ">
    <subfield code="0">0</subfield>
    <subfield code="1">0</subfield>
    <subfield code="2">ddc</subfield>
    <subfield code="4">0</subfield>
    <subfield code="6">AGR_UM_2016_000000000000000_B604_OR_4</subfield>
    <subfield code="7">0</subfield>
    <subfield code="9">73362</subfield>
    <subfield code="a">LBB</subfield>
    <subfield code="b">LBB</subfield>
    <subfield code="c">B604</subfield>
    <subfield code="d">2018-07-17</subfield>
    <subfield code="o">AGR UM 2016 B604 Or.4</subfield>
    <subfield code="p">A31031</subfield>
    <subfield code="r">2018-07-17</subfield>
    <subfield code="w">2018-07-17</subfield>
    <subfield code="y">VEM</subfield>
  </datafield>
  <datafield tag="952" ind1=" " ind2=" ">
    <subfield code="0">0</subfield>
    <subfield code="1">0</subfield>
    <subfield code="2">ddc</subfield>
    <subfield code="4">0</subfield>
    <subfield code="6">AGR_UM_2016_000000000000000_B604_OR_5</subfield>
    <subfield code="7">0</subfield>
    <subfield code="9">73363</subfield>
    <subfield code="a">LBB</subfield>
    <subfield code="b">LBB</subfield>
    <subfield code="c">B604</subfield>
    <subfield code="d">2018-07-17</subfield>
    <subfield code="o">AGR UM 2016 B604 Or.5</subfield>
    <subfield code="p">A30781</subfield>
    <subfield code="r">2018-07-17</subfield>
    <subfield code="w">2018-07-17</subfield>
    <subfield code="y">VEM</subfield>
  </datafield>
  <datafield tag="952" ind1=" " ind2=" ">
    <subfield code="0">0</subfield>
    <subfield code="1">0</subfield>
    <subfield code="2">ddc</subfield>
    <subfield code="4">0</subfield>
    <subfield code="6">AGR_UM_2016_000000000000000_B604_OR_6</subfield>
    <subfield code="7">0</subfield>
    <subfield code="9">73364</subfield>
    <subfield code="a">LBB</subfield>
    <subfield code="b">LBB</subfield>
    <subfield code="c">B604</subfield>
    <subfield code="d">2018-07-17</subfield>
    <subfield code="o">AGR UM 2016 B604 Or.6</subfield>
    <subfield code="p">A30786</subfield>
    <subfield code="r">2018-07-17</subfield>
    <subfield code="w">2018-07-17</subfield>
    <subfield code="y">VEM</subfield>
  </datafield>
  <datafield tag="952" ind1=" " ind2=" ">
    <subfield code="0">0</subfield>
    <subfield code="1">0</subfield>
    <subfield code="2">ddc</subfield>
    <subfield code="4">0</subfield>
    <subfield code="6">AGR_UM_2016_000000000000000_B604_OR_7</subfield>
    <subfield code="7">0</subfield>
    <subfield code="9">73365</subfield>
    <subfield code="a">LBB</subfield>
    <subfield code="b">LBB</subfield>
    <subfield code="c">B604</subfield>
    <subfield code="d">2018-07-17</subfield>
    <subfield code="o">AGR UM 2016 B604 Or.7</subfield>
    <subfield code="p">A30861</subfield>
    <subfield code="r">2018-07-17</subfield>
    <subfield code="w">2018-07-17</subfield>
    <subfield code="y">VEM</subfield>
  </datafield>
  <datafield tag="952" ind1=" " ind2=" ">
    <subfield code="0">0</subfield>
    <subfield code="1">0</subfield>
    <subfield code="2">ddc</subfield>
    <subfield code="4">0</subfield>
    <subfield code="6">AGR_UM_2016_000000000000000_B604_OR_8</subfield>
    <subfield code="7">0</subfield>
    <subfield code="9">73366</subfield>
    <subfield code="a">LBB</subfield>
    <subfield code="b">LBB</subfield>
    <subfield code="c">B604</subfield>
    <subfield code="d">2018-07-17</subfield>
    <subfield code="o">AGR UM 2016 B604 Or.8</subfield>
    <subfield code="p">A31066</subfield>
    <subfield code="r">2018-07-17</subfield>
    <subfield code="w">2018-07-17</subfield>
    <subfield code="y">VEM</subfield>
  </datafield>
</record>
